Կոբզար / (Record no. 8986)
[ view plain ]
| 000 -LEADER | |
|---|---|
| fixed length control field | 01058nam a2200253 a 4500 |
| 001 - CONTROL NUMBER | |
| control field | 000022996 |
| 003 - CONTROL NUMBER IDENTIFIER | |
| control field | AM-YEHGA |
| 005 - DATE AND TIME OF LATEST TRANSACTION | |
| control field | 20250618070839.0 |
| 008 - FIXED-LENGTH DATA ELEMENTS--GENERAL INFORMATION | |
| fixed length control field | 030329s1954 ai |||||||||||||||||arm|c |
| 040 ## - CATALOGING SOURCE | |
| Original cataloging agency | AM-YeHGA |
| 041 0# - LANGUAGE CODE | |
| Language code of text/sound track or separate title | arm |
| 090 ## - LOCALLY ASSIGNED LC-TYPE CALL NUMBER (OCLC); LOCAL CALL NUMBER (RLIN) | |
| -- | 9049 |
| 100 1# - MAIN ENTRY--PERSONAL NAME | |
| Personal name | Շևչենկո, Տարաս |
| 9 (RLIN) | 8641 |
| 245 10 - TITLE STATEMENT | |
| Title | Կոբզար / |
| Statement of responsibility, etc. | Տ. Շևչենկո ; Թարգմ.՝ Գեղամ Սարյան ; Առաջաբ.՝ Ավ. Իսահակյան ; Խմբ.՝ Ս. Տարոնցի. |
| 246 31 - VARYING FORM OF TITLE | |
| Title proper/short title | Кобзар |
| 260 ## - PUBLICATION, DISTRIBUTION, ETC. | |
| Place of publication, distribution, etc. | Երևան : |
| Name of publisher, distributor, etc. | Հայպետհրատ, |
| Date of publication, distribution, etc. | 1954. |
| 300 ## - PHYSICAL DESCRIPTION | |
| Extent | 302 էջ : |
| Other physical details | 1 թ. դիմանկ., 7 ներդ. թ. նկ. ; |
| Dimensions | 20 սմ. |
| 504 ## - BIBLIOGRAPHY, ETC. NOTE | |
| Bibliography, etc. note | Ծանոթագր., էջ՚ 293-300 |
| 650 14 - SUBJECT ADDED ENTRY--TOPICAL TERM | |
| Topical term or geographic name entry element | Ուկրաինական գրականություն |
| General subdivision | Պոեզիա |
| 700 1# - ADDED ENTRY--PERSONAL NAME | |
| Personal name | Սարյան, Գեղամ Բաղդասարի, |
| Dates associated with a name | 1902-1976 |
| Relator term | թարգմ. |
| Relationship | trl |
| 9 (RLIN) | 1033 |
| 700 1# - ADDED ENTRY--PERSONAL NAME | |
| Personal name | Իսահակյան, Ավետիք Սահակի, |
| Dates associated with a name | 1875-1957 |
| Relator term | առաջաբ. |
| Relationship | aui |
| 9 (RLIN) | 963 |
| 700 1# - ADDED ENTRY--PERSONAL NAME | |
| Personal name | Տարոնցի, Սողոմոն, |
| Dates associated with a name | 1905-1971 |
| Relator term | խմբ. |
| Relationship | edt |
| 9 (RLIN) | 1707 |
| 942 ## - ADDED ENTRY ELEMENTS (KOHA) | |
| Source of classification or shelving scheme | Universal Decimal Classification |
| Koha item type | Գրքեր / Books |
| Withdrawn status | Lost status | Damaged status | Not for loan | Collection | Home library | Current library | Date acquired | Total checkouts | Full call number | Barcode | Date last seen | Cost, replacement price | Price effective from | Koha item type | Public note |
|---|---|---|---|---|---|---|---|---|---|---|---|---|---|---|---|
| General | Fundamental Scientific Library | Fundamental Scientific Library | 21/12/2016 | AII/26476 | 220026476 | 21/12/2016 | 5.00 | 21/12/2016 | Գրքեր / Books | 30 Days Loan | |||||
| General | Fundamental Scientific Library | Fundamental Scientific Library | 21/12/2016 | AII/26477 | 220026477 | 21/12/2016 | 5.00 | 21/12/2016 | Գրքեր / Books | 30 Days Loan | |||||
| General | Fundamental Scientific Library | Fundamental Scientific Library | 21/12/2016 | AII/26478 | 220026478 | 21/12/2016 | 5.00 | 21/12/2016 | Գրքեր / Books | 30 Days Loan | |||||
| General | Fundamental Scientific Library | Fundamental Scientific Library | 21/12/2016 | AII/26479 | 220026479 | 21/12/2016 | 5.00 | 21/12/2016 | Գրքեր / Books | 30 Days Loan | |||||
| General | Fundamental Scientific Library | Fundamental Scientific Library | 21/12/2016 | AII/26480 | 220026480 | 21/12/2016 | 5.00 | 21/12/2016 | Գրքեր / Books | 30 Days Loan |
ՀՀ Գիտությունների ազգային ակադեմիայի հիմնարար գիտական գրադարան = Fundamental Scientific Library of NAS RA
All site content, except where otherwise noted, is licensed under a